000 00293nam a22001337a 4500
008 181018b xxu||||| |||| 00| 0 eng d
020 _a178084
041 _aeng
080 _a070
100 _a40
101 _aMED
245 _aA Pocket Guide to Public Speaking
_cHair, D
942 _2udc
_cBK
999 _c50154
_d50154